|
|
|
|
| LEADER |
01374nam a2200265 a 4500 |
| 001 |
12251412 |
| 008 |
091122s2000 bg a b 000 0 eng d |
| 010 |
|
|
|a \\\00403253
|
| 020 |
|
|
|a 9840515403
|
| 040 |
|
|
|a DLC
|c DLC
|
| 082 |
0 |
0 |
|a 338.9549/2
|2 21
|
| 245 |
0 |
0 |
|a Trends in the post-flood economy :
|b a review of Bangladesh's development, 1998-99 /
|c editor, Rehman Sobhan.
|
| 260 |
|
|
|a Dhaka :
|b Centre for Policy Dialogue :
|b University Press,
|c 2000.
|
| 300 |
|
|
|a xiii, 97 p. :
|b ill. ;
|c 25 cm.
|
| 504 |
|
|
|a Includes bibliographical references.
|
| 541 |
1 |
|
|e 00010136
|
| 651 |
|
0 |
|a Bangladesh
|x Economic policy.
|
| 651 |
|
0 |
|a Bangladesh
|x Economic conditions.
|
| 700 |
1 |
|
|a Sobhan, Rehman.
|
| 710 |
2 |
|
|a Centre for Policy Dialogue (Bangladesh)
|
| 852 |
4 |
|
|a Ayesha Abed Library
|j General shelf
|
| 999 |
|
|
|c 5788
|d 5788
|
| 952 |
|
|
|0 0
|1 0
|2 ddc
|4 0
|6 338_954920000000000_TRE
|7 0
|9 5737
|a BRACUL
|b BRACUL
|c GEN
|d 2009-11-22
|g 0.00
|l 0
|o 338.95492 TRE
|p 3010010136
|r 2009-11-22
|t 1
|w 2009-11-22
|y BK
|x No price found in the accession register.
|
| 952 |
|
|
|0 0
|1 0
|2 ddc
|4 0
|6 338_954920000000000_TRE
|7 0
|9 5738
|a BRACUL
|b BRACUL
|c GEN
|d 2009-11-22
|g 0.00
|l 0
|o 338.95492 TRE
|p 3010013624
|r 2009-11-22
|t 1
|w 2009-11-22
|y BK
|x No price found in the accession register.
|
| 952 |
|
|
|0 0
|1 0
|2 ddc
|4 0
|6 338_954900000000000_2_TRE
|7 0
|9 42971
|a SCL
|b SCL
|c GEN
|d 2005-02-13
|g 300.00
|l 0
|o 338.95492 TRE
|p 3020005173
|r 2014-07-07
|t 3
|w 2014-07-07
|y BK
|